000 01157nam a2200277 u 4500
005 20240413063825.0
008 191203s2016 mx ao r 000 0 spa d
020 _a9766072807909
035 _aUPN01000234586
040 _aMX-MxUPN
_bspa
_cMX-MxUPN
050 4 _aF1234
_bS68 2016
100 1 _aReyes Garmendia, Ernesto Soto
_945830
245 1 0 _aRevolución y consolidación del moderno Estado mexicano :
_b1920-1940
250 _aPrimera edición
260 _aCiudad de México :
_bCámara de Diputados, LXIII Legislatura, Consejo Editorial :
_bUniversidad Autónoma Metropolitana, Unidad Xochimilco,
_c2016.
300 _a288 páginas
490 _aColección de estudios históricos "origen y destino"
610 2 2 _924325
_aConfederación Regional Obrera Mexicana
_xHistoria
610 2 2 _910196
_aConfederación de Trabajadores de México
_xHistoria
610 2 2 _910197
_aConfederación Nacional Campesina (México)
_xHistoria
650 2 _920478
_aMovimientos obreros
_xHistoria
_zMéxico
_ySiglo XX
651 4 _aMéxico
_xPolítica y gobierno
_y1910-1946
_vFuentes
_912697
905 _aLibro
942 _n0
_cLIBRO
_2lcc
999 _c206681
_d206681